000 00562nam a2200169 i 4500
001 31043
003 ES-MaACL
005 20230906154310.0
007 t|
008 030128s1925 fr ||||1| fre d
100 1 _aBatuecas, Tomás.
_926494
245 1 0 _aRevisión de la compressibilité du chlorure de methyle et poids moléculaire dé ce gaz /
_cnote de T. Batuecas.
260 _a[S.l. :
_bs.n.,
_c1925] (
_eParís :
_fGauthier-Villars)
300 _a3 h. ;
_c27 cm.
500 _aEs Separata de: Journal de Chimie Physique.
852 _aES-MaACL
_j1731-F-22
999 _c31043
_d31043